000 00584nam a2200193Ia 4500
005 20250801142730.0
008 008 250516s9999 xx 000 0 hin d
020 _a9789357753630
040 _beng
_cSDCL
041 _ahin
_2hin
084 _aO152,1K18:g R3
100 _aSaha, Ranjit
_9393492
245 0 _aMahamati Prannath :
_bTartam Bani Vimarsh
246 _aमहामति प्राणनाथ :
_bतारतम बानी विमर्श
260 _aNew Delhi:
_bVani Prakashan,
_c2023.
300 _a347p.
650 _aHindi
942 _cTEXL
_2CC
999 _c1430470
_d1430470